[Event "MP Reykjavik Open"]
[Site "Reykjavik ISL"]
[Date "2011.03.10"]
[Round "2.37"]
[White "Dearing, Eddie"]
[Black "Rehfeldt, Frank"]
[Result "1-0"]
[WhiteTitle "IM"]
[WhiteElo "2412"]
[BlackElo "2091"]
[WhiteFideId "2400731"]
[BlackFideId "24600113"]
[EventDate "2011.03.09"]

1. d4 d5 2. Nf3 Nf6 3. c4 c6 4. Nc3 a6 5. e3 b5 6. c5 Bg4 7. h3 Bh5 8. g4 Bg6 9.
Ne5 Nfd7 10. Nxg6 hxg6 11. Bg2 Nf6 12. Bd2 Nbd7 13. f4 e6 14. a3 Qc7 15. Qf3 Be7
16. O-O Kf8 17. b4 Kg8 18. a4 Qb7 19. Rfb1 Kh7 20. Bf1 Ne8 21. Ra2 Nc7 22. Be1
f5 23. g5 Kg8 24. h4 Kf7 25. Rh2 Nf8 26. Qd1 Ke8 27. Ne2 bxa4 28. Ra1 Nb5 29.
Rxa4 Kf7 30. Nc1 Bd8 31. Rha2 Nd7 32. Nd3 Bc7 33. Qa1 Nb8 34. Be2 Ra7 35. Bd1
Ra8 36. Rh2 Nd7 37. Raa2 Nf8 38. Rh3 Ke7 39. Rah2 Qc8 40. Qa2 Qe8 41. Rg2 Nd7
42. Rgh2 Nf8 43. Rg2 Nd7 44. Kf1 Ra7 45. h5 gxh5 46. g6 Nf6 47. Bh4 Nc3 48. Qa1
Ne4 49. Ne5 Rg8 50. Ba4 Kf8 51. Nxc6 Ra8 52. Qa3 Qc8 53. Ne5 Bxe5 54. fxe5 Ng4
55. b5 Rh8 56. c6+ Kg8 57. b6 Rb8 58. Qe7 Nh6 59. b7 1-0

[Event "MP Reykjavik Open"]
[Site "Reykjavik ISL"]
[Date "2011.03.10"]
[Round "2.71"]
[White "Salewski, Bernd"]
[Black "Hardarson, Jon Trausti"]
[Result "1-0"]
[WhiteElo "2056"]
[BlackElo "1639"]
[WhiteFideId "4655087"]
[BlackFideId "2302594"]
[EventDate "2011.03.09"]

1. d4 Nf6 2. Nc3 c5 3. d5 e6 4. e4 exd5 5. exd5 d6 6. Bb5+ Bd7 7. a4 g6 8. Nf3
Qe7+ 9. Qe2 Qxe2+ 10. Kxe2 Bg7 11. Bf4 Bxb5+ 12. axb5 Kd7 13. h3 Re8+ 14. Kd3
Ne4 15. Nxe4 c4+ 16. Ke3 f5 17. Ng5 fxe4 18. c3 Be5 19. Nxe4 Kc7 20. Ra4 Nd7 21.
Rxc4+ Kb6 22. Bxe5 Nxe5 23. Rb4 Rad8 24. f4 Nd7 25. Kf3 Rf8 26. Kg3 1-0

[Event "MP Reykjavik Open"]
[Site "Reykjavik ISL"]
[Date "2011.03.11"]
[Round "3.26"]
[White "Gustafsson, Jan"]
[Black "Andersson, Christin"]
[Result "1-0"]
[WhiteTitle "GM"]
[BlackTitle "WIM"]
[WhiteElo "2647"]
[BlackElo "2163"]
[WhiteFideId "4625498"]
[BlackFideId "1702947"]
[EventDate "2011.03.09"]

1. Nf3 Nf6 2. c4 g6 3. Nc3 d5 4. Qa4+ Nc6 5. Nd4 Bd7 6. cxd5 Nxd4 7. Qxd4 Bc6 8.
e4 e6 9. Bc4 Bg7 10. Qe3 Bd7 11. dxe6 Bxe6 12. Bxe6 fxe6 13. O-O O-O 14. d4 c6
15. e5 Nd5 16. Qh3 Qd7 17. Ne4 Rf5 18. Bd2 Raf8 19. Rad1 Qe7 20. Qg4 c5 21. Bg5
Qc7 22. Nxc5 Qc6 23. Rc1 b6 24. Ne4 Qa4 25. Nd6 Rxg5 26. Qxe6+ Kh8 27. Qxd5 Qd7
28. Rc8 Rf5 29. Rxf8+ Bxf8 30. Qa8 Rf4 31. g3 Qg4 32. f3 Qg5 33. Kh1 1-0

[Event "MP Reykjavik Open"]
[Site "Reykjavik ISL"]
[Date "2011.03.12"]
[Round "4.3"]
[White "Sokolov, Ivan"]
[Black "Hess, Robert L"]
[Result "0-1"]
[WhiteTitle "GM"]
[BlackTitle "GM"]
[WhiteElo "2643"]
[BlackElo "2565"]
[WhiteFideId "14400030"]
[BlackFideId "2022036"]
[EventDate "2011.03.09"]

1. d4 Nf6 2. c4 e6 3. Nc3 Bb4 4. e3 c5 5. Bd3 O-O 6. Ne2 cxd4 7. exd4 d5 8. cxd5
Nxd5 9. Bc2 Nc6 10. Qd3 g6 11. O-O Be7 12. Bb3 Nxc3 13. bxc3 Na5 14. Bh6 Re8 15.
Ng3 Bd7 16. Rad1 b5 17. d5 Nxb3 18. axb3 exd5 19. Qxd5 Bg4 20. f3 Qxd5 21. Rxd5
Be6 22. Rxb5 a6 23. Ra5 Bxb3 24. Ne4 Bd8 25. Ra3 Bd5 26. Nd2 a5 27. c4 Bb6+ 28.
Kh1 Bc6 29. Rd3 Red8 30. Rxd8+ Rxd8 31. Bg5 f6 32. Bh6 g5 33. Ne4 Bxe4 34. fxe4
Bd4 35. h4 a4 0-1

[Event "MP Reykjavik Open"]
[Site "Reykjavik ISL"]
[Date "2011.03.12"]
[Round "4.10"]
[White "Gupta, Abhijeet"]
[Black "Gunnarsson, Jon Viktor"]
[Result "1-0"]
[WhiteTitle "GM"]
[BlackTitle "IM"]
[WhiteElo "2580"]
[BlackElo "2428"]
[WhiteFideId "5010608"]
[BlackFideId "2300931"]
[EventDate "2011.03.09"]

1. d4 Nf6 2. c4 c5 3. d5 b5 4. cxb5 a6 5. e3 axb5 6. Bxb5 Qa5+ 7. Nc3 Bb7 8. Ne2
Nxd5 9. O-O Nxc3 10. Nxc3 e6 11. e4 Be7 12. Bf4 O-O 13. a4 d6 14. Bxd6 Rd8 15.
Bxe7 Rxd1 16. Raxd1 Nc6 17. Bxc5 Qc7 18. b4 Ne5 19. f4 Nc6 20. Rd6 h5 21. Rfd1
h4 22. h3 Rc8 23. e5 Qb8 24. a5 Ne7 25. a6 Bd5 26. Rd7 Nf5 27. Nxd5 exd5 28.
R1xd5 1-0

[Event "MP Reykjavik Open"]
[Site "Reykjavik ISL"]
[Date "2011.03.12"]
[Round "4.13"]
[White "Danielsen, Henrik"]
[Black "Zelbel, Patrick"]
[Result "1/2-1/2"]
[WhiteTitle "GM"]
[BlackTitle "FM"]
[WhiteElo "2533"]
[BlackElo "2410"]
[WhiteFideId "1400185"]
[BlackFideId "24624322"]
[EventDate "2011.03.09"]

1. g3 Nf6 2. Bg2 d6 3. c4 g6 4. Nc3 Bg7 5. Nf3 O-O 6. O-O Nc6 7. d3 e5 8. Bg5 h6
9. Bxf6 Bxf6 10. Rb1 a5 11. a3 Be6 12. b4 axb4 13. axb4 Qd7 14. b5 Ne7 15. Nd2
Rab8 16. Nd5 Bg7 17. e3 Kh7 18. Kh1 Ng8 19. Qa4 Ra8 20. Qc2 Rab8 21. Qa4 Ra8 22.
Qb4 Rab8 23. Qa5 c6 24. Nb6 Qc7 25. Qa7 cxb5 26. Rxb5 Ne7 27. Rfb1 Rfd8 28. Kg1
Kg8 29. Nd5 Bxd5 30. Bxd5 Nxd5 31. Rxd5 f5 32. Rdb5 Rd7 33. Qb6 Qc8 34. Rd5 Ra8
35. Qb3 Ra7 36. Nf3 Bf6 37. Ne1 Bd8 38. Nc2 Kh7 39. Na3 Ra6 40. Nb5 f4 41. Qd1
Bg5 42. Qf3 fxe3 43. fxe3 e4 44. Qxe4 Re7 45. Qg2 Bxe3+ 46. Kh1 Qa8 47. Nc3 Ra1
48. Rb5 Bd4 49. Ne4 Qa3 50. Qf1 Rxb1 51. Rxb1 Kg7 52. Qe2 b6 53. Rf1 Rf7 54.
Rxf7+ Kxf7 55. Kg2 Kg7 56. Qg4 Qxd3 57. Qd7+ Kg8 58. Qe6+ Kg7 59. Nxd6 Kh7 60.
Nc8 Bc5 61. Ne7 Bxe7 62. Qxe7+ Kg8 63. Qe6+ Kg7 64. Qe5+ Kg8 65. Qb8+ Kg7 66.
Qc7+ Kg8 67. Qb8+ Kg7 68. Qb7+ Kg8 69. Qb8+ Kh7 70. Qa7+ Kg8 71. Qa8+ Kg7 72.
Qb7+ Kg8 73. Qc8+ Kg7 74. Qc7+ Kg8 75. Qb8+ Kh7 76. Qc7+ 1/2-1/2

[Event "MP Reykjavik Open"]
[Site "Reykjavik ISL"]
[Date "2011.03.12"]
[Round "4.57"]
[White "Braig, Frank"]
[Black "Antonsson, Atli"]
[Result "0-1"]
[WhiteElo "2105"]
[BlackElo "1830"]
[WhiteFideId "4646975"]
[BlackFideId "2307987"]
[EventDate "2011.03.09"]

1. e4 e6 2. d4 d5 3. Nc3 Bb4 4. Ne2 b6 5. a3 Bf8 6. exd5 exd5 7. g3 Bg4 8. Bg2
c6 9. h3 Bh5 10. g4 Bg6 11. Be3 Nf6 12. Qd2 b5 13. f4 h6 14. f5 Bh7 15. Nd1 Bd6
16. Nf2 Nbd7 17. O-O Qc7 18. a4 b4 19. a5 g6 20. fxg6 Bxg6 21. Nf4 Bxc2 22. Rac1
b3 23. N2d3 Ne4 24. Bxe4 dxe4 25. Ne1 f5 26. Ne6 Qb8 27. Ng7+ Kd8 28. Nxf5 Bb4
29. Qg2 Bxe1 30. Rfxe1 Qb4 31. Bd2 Qb5 32. Bxh6 Qxa5 33. Bg5+ Kc7 34. Bf4+ Kb6
35. Qf2 Rxh3 36. d5+ c5 37. Nd6 Qb4 38. Rxc2 bxc2 39. Rxe4 Qb3 40. Nc4+ Ka6 41.
Qe1 c1=Q 42. Qxc1 Rg3+ 43. Bxg3 Qxg3+ 44. Kf1 Rf8+ 45. Ke2 Rf2+ 46. Kd1 Qf3+ 47.
Ke1 Rf1+ 48. Kd2 Rxc1 49. Re6+ Kb5 50. Na3+ Kb4 51. Kxc1 Qxd5 52. Nc2+ Ka5 53.
Re3 Qg5 54. Kd2 Ne5 55. Kc3 Nxg4 56. Re4 Nf6 57. Rc4 Nd5+ 58. Kb3 Qg3+ 59. Ka2
Nb4+ 60. Nxb4 cxb4 61. Rc5+ Kb6 62. Rc1 a5 63. b3 a4 64. Rb1 Qc3 65. Rb2 Ka5 66.
Rb1 Qc2+ 67. Rb2 axb3+ 68. Ka1 0-1

[Event "MP Reykjavik Open"]
[Site "Reykjavik ISL"]
[Date "2011.03.12"]
[Round "4.62"]
[White "Erikstad, Olav"]
[Black "Rehfeldt, Frank"]
[Result "0-1"]
[WhiteElo "1829"]
[BlackElo "2091"]
[WhiteFideId "1504983"]
[BlackFideId "24600113"]
[EventDate "2011.03.09"]

1. e4 c6 2. d4 d5 3. e5 c5 4. c3 Nc6 5. Nf3 Bg4 6. Bb5 Bxf3 7. Qxf3 e6 8. dxc5
Bxc5 9. O-O Ne7 10. Be3 Qb6 11. Bxc5 Qxc5 12. Na3 O-O 13. Rfe1 Rfd8 14. Bd3 d4
15. b4 Qxc3 16. Nb5 Qxb4 17. Rab1 Qd2 18. Nd6 Rf8 19. Ne4 Qh6 20. Nd6 b6 21. Bb5
Na5 22. Qd3 Rad8 23. Qxd4 Nb7 24. Qe4 Nxd6 25. exd6 Rxd6 26. Qb7 Nd5 27. Rbc1
Qd2 28. Red1 Qxa2 29. Rc8 Rdd8 30. Rdc1 g6 31. Rxd8 Rxd8 32. g3 Qb2 33. Rc8 Rxc8
34. Qxc8+ Kg7 35. Be8 Qb1+ 36. Kg2 Qe4+ 37. Kf1 Nf6 38. Bxf7 Kxf7 39. Qc7+ Kf8
40. Qd8+ Ne8 41. Qd2 Qd5 42. Qb4+ Kf7 43. Qh4 Nf6 44. Qh6 Qd1+ 45. Kg2 0-1

[Event "MP Reykjavik Open"]
[Site "Reykjavik ISL"]
[Date "2011.03.12"]
[Round "5.14"]
[White "Sveshnikov, Vladimir"]
[Black "Danielsen, Henrik"]
[Result "1/2-1/2"]
[WhiteTitle "FM"]
[BlackTitle "GM"]
[WhiteElo "2379"]
[BlackElo "2533"]
[WhiteFideId "11601884"]
[BlackFideId "1400185"]
[EventDate "2011.03.09"]

1. e4 c5 2. c3 e6 3. Nf3 d5 4. exd5 exd5 5. d4 Nc6 6. Bb5 Bd6 7. O-O Ne7 8. dxc5
Bxc5 9. Nbd2 O-O 10. Nb3 Bd6 1/2-1/2

[Event "MP Reykjavik Open"]
[Site "Reykjavik ISL"]
[Date "2011.03.13"]
[Round "6.33"]
[White "Forsaa, Espen"]
[Black "Horn, Emilia"]
[Result "1-0"]
[WhiteTitle "FM"]
[BlackTitle "WFM"]
[WhiteElo "2340"]
[BlackElo "2031"]
[WhiteFideId "1504436"]
[BlackFideId "1705385"]
[EventDate "2011.03.09"]

1. c4 c5 2. Nc3 Nc6 3. Nf3 e5 4. e3 Nf6 5. d4 cxd4 6. exd4 e4 7. Ng5 Bb4 8. d5
Ne5 9. Qd4 d6 10. Nxe4 Nxe4 11. Qxe4 O-O 12. Be2 f5 13. Qf4 Ng6 14. Qd2 f4 15.
O-O Nh4 16. Kh1 Qf6 17. f3 Qh6 18. Bd3 Qh5 19. a3 Bxc3 20. Qxc3 Rf6 21. Qd4 Bd7
22. Bxf4 Raf8 23. Bg3 Nxg2 24. Kxg2 Bh3+ 25. Kg1 Bxf1 26. Rxf1 Rxf3 27. Rxf3
Qxf3 28. Qe4 Qd1+ 29. Kg2 Qd2+ 30. Kh3 g6 31. Bxd6 Qh6+ 32. Kg2 Qd2+ 33. Qe2
Qg5+ 34. Bg3 h5 35. h4 Qf6 36. Qe6+ Qxe6 37. dxe6 Re8 38. c5 Kg7 39. Be5+ Kh6
40. Bf4+ Kg7 41. Bc4 Rc8 42. e7 Kf6 43. Bg5+ 1-0

[Event "MP Reykjavik Open"]
[Site "Reykjavik ISL"]
[Date "2011.03.13"]
[Round "6.41"]
[White "Sellitti, Federico"]
[Black "Geske, Julian"]
[Result "1/2-1/2"]
[BlackTitle "FM"]
[WhiteElo "2142"]
[BlackElo "2329"]
[WhiteFideId "821829"]
[BlackFideId "24605263"]
[EventDate "2011.03.09"]

1. e4 e5 2. f4 exf4 3. Bc4 Ne7 4. Nc3 c6 5. Qf3 Ng6 6. d4 Bb4 7. Ne2 O-O 8. O-O
d5 9. exd5 Bf5 10. Bb3 Bxc3 11. Nxc3 cxd5 12. Nxd5 Nc6 13. c3 Na5 14. Nxf4 Nxb3
15. axb3 Nxf4 16. Bxf4 Qb6 17. Bc7 Qxc7 18. Qxf5 Qb6 19. b4 a6 20. Rae1 Qd8 21.
Qe4 Qb6 22. Rf5 a5 23. b5 g6 24. Re5 a4 25. Re7 Qxb5 26. Qxb7 Qc4 27. Qf3 Rab8
28. Rb7 Rxb7 29. Qxb7 a3 30. bxa3 Qxc3 31. Qb4 Qd3 32. a4 Rd8 33. a5 Rxd4 34.
Re8+ Kg7 35. Qf8+ Kf6 36. Qe7+ Kg7 37. h4 Rd5 38. Qf8+ Kf6 39. Qe7+ Kg7 40. Qf8+
Kf6 41. Qe7+ 1/2-1/2

[Event "MP Reykjavik Open"]
[Site "Reykjavik ISL"]
[Date "2011.03.13"]
[Round "6.44"]
[White "Salewski, Bernd"]
[Black "Lagerman, Robert"]
[Result "0-1"]
[BlackTitle "FM"]
[WhiteElo "2056"]
[BlackElo "2320"]
[WhiteFideId "4655087"]
[BlackFideId "2300362"]
[EventDate "2011.03.09"]

1. d4 Nf6 2. Nc3 d5 3. Bg5 Nbd7 4. Nf3 g6 5. Qd2 h6 6. Bf4 c6 7. e3 Bg7 8. Be2
Nh5 9. Be5 Nxe5 10. Nxe5 Nf6 11. O-O O-O 12. Rfc1 Nd7 13. f4 Nxe5 14. fxe5 f6
15. Bd3 Kh7 16. exf6 exf6 17. Ne2 f5 18. Nf4 Qe7 19. c4 dxc4 20. Bxc4 Bd7 21.
Re1 Rae8 22. Bd3 Qd6 23. Qf2 c5 24. dxc5 Qxc5 25. Qg3 Qb6 26. Kh1 Be5 27. h4 Qf6
28. Qf2 g5 29. Nd5 Qf7 30. e4 f4 31. Rf1 Qh5 32. Be2 g4 33. Rad1 Be6 34. Kg1 f3
35. gxf3 g3 36. Qg2 Qxh4 37. Qh1 Bh3 38. Ne3 g2 39. Nxg2 Rg8 40. Rf2 Bf4 41.
Rd7+ Kh8 42. Bf1 Be3 43. Rd2 Rxg2+ 44. Bxg2 Rg8 45. Kf1 Bxg2+ 46. Qxg2 Rxg2 0-1

[Event "MP Reykjavik Open"]
[Site "Reykjavik ISL"]
[Date "2011.03.14"]
[Round "7.26"]
[White "Gunnarsson, Jon Viktor"]
[Black "Bisby, Daniel L"]
[Result "1-0"]
[WhiteTitle "IM"]
[BlackTitle "FM"]
[WhiteElo "2428"]
[BlackElo "2306"]
[WhiteFideId "2300931"]
[BlackFideId "404586"]
[EventDate "2011.03.09"]

1. e4 e6 2. Nf3 d5 3. Nc3 Nf6 4. e5 Nfd7 5. d4 c5 6. dxc5 Bxc5 7. Bd3 Nc6 8. Bf4
f6 9. exf6 Nxf6 10. Qe2 O-O 11. O-O-O a6 12. Ne5 Qe8 13. Nxc6 Qxc6 14. Be5 b5
15. g4 Nd7 16. Bg3 b4 17. Ne4 Be7 18. h4 dxe4 19. Bxe4 Qa4 20. g5 b3 21. cxb3
Qxa2 22. Qh5 Rf5 23. Qe8+ Bf8 24. Qxe6+ Rf7 25. Bd5 Ne5 26. Qxe5 Ra7 27. Kc2 Kh8
28. Bxf7 Rxf7 29. Ra1 Bf5+ 30. Qxf5 Qxa1 31. Qxf7 Qxh1 32. Qxf8# 1-0

[Event "MP Reykjavik Open"]
[Site "Reykjavik ISL"]
[Date "2011.03.14"]
[Round "7.65"]
[White "Antonsson, Atli"]
[Black "Brynjarsson, Helgi"]
[Result "1-0"]
[WhiteElo "1830"]
[BlackElo "2008"]
[WhiteFideId "2307987"]
[BlackFideId "2302233"]
[EventDate "2011.03.09"]

1. d4 d5 2. c4 e6 3. Nf3 Nf6 4. e3 Nbd7 5. b3 c6 6. Bb2 Bd6 7. Bd3 Ne4 8. O-O f5
9. Ba3 Bxa3 10. Nxa3 b6 11. Ne5 Nxe5 12. dxe5 Qe7 13. Nc2 O-O 14. cxd5 cxd5 15.
f4 Nc5 16. Nd4 Bd7 17. Bb5 Bxb5 18. Nxb5 Ne4 19. Rc1 Rfc8 20. Qe2 Rc5 21. Nd4
Rac8 22. Rce1 a5 23. Qa6 Nd2 24. Rf2 Rc1 25. Re2 Kf7 26. Qxb6 a4 27. g3 axb3 28.
axb3 h5 29. Kg2 Ne4 30. Rxc1 Rxc1 31. Ra2 Rc7 32. Ra6 Nc5 33. Ra5 Ne4 34. Nc6
Qd7 35. Ra7 Rxa7 36. Qxa7 Qxa7 37. Nxa7 Nd2 38. b4 Nc4 39. Kf2 Ke7 40. Nb5 Nb2
41. Ke2 Kd7 42. Nd4 g6 43. Kf3 Nc4 44. h3 Nd2+ 45. Ke2 Ne4 46. Kf3 Nd2+ 47. Kg2
Nc4 48. Ne2 Kc6 49. Kf2 Nd2 50. Nd4+ Kd7 51. b5 Ne4+ 52. Kg2 Nc5 53. Nf3 Kc7 54.
Nh4 Kb6 55. Nxg6 Kxb5 56. Ne7 Kc4 57. Kf3 Kd3 58. Nc6 Ne4 59. Nd8 Nc5 60. Nc6
Ne4 61. Nd8 Nc5 62. Nf7 Ne4 63. Ng5 Nc5 64. h4 Kd2 65. Nh7 Nd3 66. Nf6 Ne1+ 67.
Kf2 Nd3+ 68. Kg2 Kxe3 69. Nxd5+ Kd4 70. Nf6 Nxe5 71. fxe5 Kxe5 72. Nxh5 Ke4 73.
Nf6+ Ke5 74. Nd7+ Kd6 75. h5 Ke7 76. h6 Kf7 77. Ne5+ Kg8 78. Kf3 Kh7 79. Nf7 Kg6
80. Ng5 Kxh6 1-0

[Event "MP Reykjavik Open"]
[Site "Reykjavik ISL"]
[Date "2011.03.14"]
[Round "7.74"]
[White "Jonsson, Olafur Gisli"]
[Black "Sigurdsson, Birkir Karl"]
[Result "1/2-1/2"]
[WhiteElo "1842"]
[BlackElo "1481"]
[WhiteFideId "2302705"]
[BlackFideId "2304180"]
[EventDate "2011.03.09"]

1. d4 Nf6 2. Nf3 e6 3. e3 d5 4. Bd3 c5 5. b3 cxd4 6. exd4 Nc6 7. O-O Be7 8. Nbd2
O-O 9. Bb2 Bd7 10. a3 Rc8 11. Ne5 Bd6 12. f4 Ne7 13. Rf3 Ng6 14. Qe2 a6 15. Raf1
Re8 16. Rh3 Bb5 17. c4 dxc4 18. bxc4 Bc6 19. Qf2 Be7 20. g4 Nd7 21. Nxf7 Kxf7
22. f5 exf5 23. Qxf5+ Nf6 24. Rxh7 Nf8 25. d5 Bc5+ 26. Kh1 Nxh7 27. Qxh7 Bxd5+
28. cxd5 Qxd5+ 29. Be4 Rxe4 30. Nxe4 Re8 31. Rxf6+ Ke7 32. Qf5 Qd1+ 33. Qf1 Qd5
34. Qf5 Qd1+ 35. Kg2 Qg1+ 36. Kf3 Qe3+ 37. Kg2 Qg1+ 38. Kf3 Qe3+ 39. Kg2 Qg1+ 1/2-1/2

[Event "MP Reykjavik Open"]
[Site "Reykjavik ISL"]
[Date "2011.03.15"]
[Round "8.1"]
[White "Kuzubov, Yuriy"]
[Black "Chatalbashev, Boris"]
[Result "1/2-1/2"]
[WhiteTitle "GM"]
[BlackTitle "GM"]
[WhiteElo "2627"]
[BlackElo "2602"]
[WhiteFideId "14112906"]
[BlackFideId "2900440"]
[EventDate "2011.03.09"]

1. e4 d6 2. d4 Nf6 3. f3 c5 4. dxc5 Qa5+ 5. Nc3 Qxc5 6. Qd3 Nc6 7. Be3 Qa5 8.
Ne2 g6 9. Nd4 Bg7 10. Qb5 Qxb5 11. Bxb5 Bd7 12. O-O-O a6 13. Nxc6 Bxc6 14. Be2
O-O 1/2-1/2

[Event "MP Reykjavik Open"]
[Site "Reykjavik ISL"]
[Date "2011.03.15"]
[Round "8.3"]
[White "Sokolov, Ivan"]
[Black "Fier, Alexandr"]
[Result "1-0"]
[WhiteTitle "GM"]
[BlackTitle "GM"]
[WhiteElo "2643"]
[BlackElo "2586"]
[WhiteFideId "14400030"]
[BlackFideId "2107139"]
[EventDate "2011.03.09"]

1. d4 Nf6 2. c4 e6 3. Nc3 Bb4 4. e3 c5 5. Ne2 cxd4 6. exd4 O-O 7. a3 Be7 8. Nf4
d6 9. Be2 e5 10. Nfd5 Nc6 11. Nxe7+ Qxe7 12. Be3 exd4 13. Bxd4 Nxd4 14. Qxd4 b6
15. O-O Bb7 16. Rfe1 Rfe8 17. Kf1 Qd7 18. Bd3 Qc6 19. f3 Qc5 20. Qf2 Qh5 21. Kg1
Bc6 22. b4 Re5 23. Be2 Qg6 24. Bf1 Rae8 25. Rxe5 dxe5 26. Re1 Nh5 27. b5 Ba8 28.
c5 Nf4 29. Qe3 Rd8 30. c6 h5 31. Kh1 f6 32. g3 Ne6 33. Bc4 Kf7 34. Ne4 Ke7 35.
Bxe6 Kxe6 36. Qb3+ Ke7 37. Rd1 1-0

[Event "MP Reykjavik Open"]
[Site "Reykjavik ISL"]
[Date "2011.03.15"]
[Round "8.56"]
[White "Andersen, Daniel"]
[Black "Schaefer, Reyk"]
[Result "1-0"]
[WhiteElo "1983"]
[BlackElo "2133"]
[WhiteFideId "1402714"]
[BlackFideId "4640543"]
[EventDate "2011.03.09"]

1. c4 Nf6 2. Nc3 d5 3. cxd5 Nxd5 4. g3 g6 5. Bg2 Nb6 6. d3 Bg7 7. Be3 O-O 8. Qd2
Nc6 9. Bxc6 bxc6 10. Bh6 Nd5 11. h4 Nf6 12. h5 Bxh6 13. Qxh6 Bf5 14. e4 Rb8 15.
O-O-O Ng4 16. Qd2 Be6 17. f3 Nf6 18. Qh2 Qd4 19. g4 Rb7 20. e5 Rfb8 21. exf6
Rxb2 22. Qxb2 Rxb2 23. Kxb2 exf6 24. Ne2 Qb4+ 25. Ka1 Qd6 26. Rb1 f5 27. h6 Qd8
28. Rb7 fxg4 29. fxg4 f6 30. Rhb1 Qxd3 31. Rd1 Qc4 32. Rd8+ Kf7 33. Rxc7+ 1-0

[Event "MP Reykjavik Open"]
[Site "Reykjavik ISL"]
[Date "2011.03.15"]
[Round "8.78"]
[White "Hauksson, Hordur Aron"]
[Black "Kjartansson, Dagur"]
[Result "0-1"]
[WhiteElo "1719"]
[BlackElo "1517"]
[WhiteFideId "2303680"]
[BlackFideId "2303299"]
[EventDate "2011.03.09"]

1. d4 e6 2. c4 Nf6 3. Nc3 Bb4 4. e3 O-O 5. Ne2 b6 6. a3 Bxc3+ 7. Nxc3 Bb7 8. Be2
d5 9. Bf3 Nbd7 10. O-O e5 11. cxd5 Re8 12. e4 exd4 13. Qxd4 Nc5 14. Rb1 Ba6 15.
Rd1 Qd6 16. b4 Ncd7 17. Bg5 Ne5 18. Bxf6 Nxf3+ 19. gxf3 gxf6 20. Kh1 Kh8 21. Rg1
Rg8 22. Rg3 Rg6 23. Rbg1 Rag8 24. Nd1 Qf4 25. Qe3 Qd6 26. Nc3 Bc4 27. Nb1 Qe7
28. Qc3 Bb5 29. Nd2 Qe5 30. Nb1 Be2 31. Kg2 Qh5 32. Re1 Bb5 33. Qxc7 Rh6 34.
Rxg8+ Kxg8 35. Qf4 Qh3+ 36. Kh1 Rg6 37. Rg1 Rxg1+ 38. Kxg1 0-1

[Event "MP Reykjavik Open"]
[Site "Reykjavik ISL"]
[Date "2011.03.16"]
[Round "9.62"]
[White "Schwenke, Markus"]
[Black "Erikstad, Olav"]
[Result "1/2-1/2"]
[WhiteElo "2098"]
[BlackElo "1829"]
[WhiteFideId "4669169"]
[BlackFideId "1504983"]
[EventDate "2011.03.09"]

1. e4 c6 2. d4 d5 3. Nc3 dxe4 4. Nxe4 Nf6 5. Nxf6+ exf6 6. Nf3 Bd6 7. Bd3 O-O 8.
O-O Bg4 9. h3 Bh5 10. c3 Nd7 11. Be3 Re8 12. Kh1 Nf8 13. g4 Bg6 14. Nh4 Qd7 15.
Nxg6 Nxg6 16. Qe2 Nh4 17. f3 Qe6 18. Bg1 Bg3 19. Qc2 h5 20. b3 hxg4 21. hxg4 Re7
22. Rad1 Rae8 23. Rd2 Qd6 24. Bh2 Re1 25. Rf2 Bxh2 26. Rxh2 Qg3 27. Qf2 Rxf1+
28. Bxf1 Qxf3+ 29. Qxf3 Nxf3 30. Re2 Kf8 31. Kg2 Ng5 32. Rxe8+ Kxe8 33. Bd3 Ke7
34. a4 Kd6 35. Kf2 c5 36. Ke3 cxd4+ 37. cxd4 1/2-1/2

[Event "MP Reykjavik Open"]
[Site "Reykjavik ISL"]
[Date "2011.03.16"]
[Round "9.79"]
[White "Leosson, Atli Johann"]
[Black "Johannsdottir, Johanna Bjorg"]
[Result "0-1"]
[WhiteElo "1685"]
[BlackElo "1795"]
[WhiteFideId "2308533"]
[BlackFideId "2303108"]
[EventDate "2011.03.09"]

1. e4 c5 2. Nf3 e6 3. c3 d5 4. Bb5+ Nc6 5. Ne5 Ne7 6. Qf3 f6 7. exd5 Qxd5 8.
Qxd5 exd5 9. Nxc6 Nxc6 10. O-O Bf5 11. d4 cxd4 12. cxd4 a6 13. Bxc6+ bxc6 14.
Be3 Bd6 15. Nd2 Kf7 16. Rfc1 Rhc8 17. Nf3 g5 18. Bd2 Be4 19. Ne1 h5 20. Nc2 Rab8
21. b3 h4 22. Ne3 Ba3 23. Re1 Bb2 24. Rad1 Bxd4 25. Nc4 Bc5 26. Be3 Bb4 27. a3
Be7 28. Nb6 Rc7 29. b4 Rcb7 30. f3 Bf5 31. Bc5 Bd8 32. Na4 Bc2 33. Nc3 Bxd1 34.
Rxd1 Be7 35. Bd4 Bd6 36. Na4 Be5 37. Bf2 Rb5 38. Nc5 a5 39. Rc1 Bb2 40. Re1 Bxa3
41. Na6 Bxb4 0-1